Steven Universe Quiz! - Statistics

General Stats
  • This quiz has been taken 254 times
  • The average score is 14 of 15
Answer Stats
Hints Characters % Correct
Main character Steven
100%
Crystal Gem Garnet
99%
Crystal Gem Pearl
99%
Crystal Gem Amethyst
97%
Father Greg
97%
Red gem Ruby
96%
Blue gem Sapphire
92%
Big Donut Lars
91%
Homeworld Gem Peridot
91%
Pet Lion
90%
Big Donut Sadie
90%
Villain Jasper
88%
Wears glasses Connie
87%
Type of flower Rose Quartz
75%
Homeworld Gem Lapis Lazuli
70%
No matching quizzes found
Score Distribution
Percent of People with Each Score
Percentile by Number Answered
Your Score History
You have not taken this quiz